Normal view
MARC view
Entry Personal Name
001 - CONTROL NUMBER
- control field: 48734
003 - CONTROL NUMBER IDENTIFIER
- control field: dpl
005 - DATE AND TIME OF LATEST TRANSACTION
- control field: 20120608143834.0
008 - FIXED-LENGTH DATA ELEMENTS
- fixed length control field: 120608|||a|||||| | ||| d
040 ## - CATALOGING SOURCE
- Original cataloging agency: dpl
- Transcribing agency: dpl
100 ## - HEADING--PERSONAL NAME
- Personal name: Verma, Ashok Kalyan
670 ## - SOURCE DATA FOUND
- Source citation: Work cat.: (dpl): Verma, Ashok Kalyan, Kargil : Blood on the snow /, 2002
670 ## - SOURCE DATA FOUND
- Source citation: Work cat.: (dpl): Verma, Ashok Kalyan, Kargil : Blood on the snow /, 2002
